[Event "21st Dubai Open 2019"]
[Site "Dubai"]
[Date "2019.04.06"]
[Round "5.34"]
[White "Sri Sai Baswanth P"]
[Black "Rathnakaran, K.."]
[Result "0-1"]
[WhiteElo "2018"]
[BlackElo "2351"]
[Annotator "TA"]
[PlyCount "82"]
[EventDate "2019.04.01"]
[EventType "swiss"]
[EventCountry "UAE"]
[SourceTitle "playchess.com"]
[Source "ChessBase"]
[SourceQuality "1"]

{[%evp 12,82,-12,-15,-21,-12,-10,-19,-9,-35,-2,-19,-9,-17,-34,-34,-26,-48,-58,-50,-43,-41,-24,-28,0,-27,-28,-70,-50,-61,-41,-128,-106,-152,-140,-218,-250,-232,-236,-237,-241,-235,-262,-243,-239,-293,-183,-329,-344,-594,-529,-1235,-1130,-1399,-1393,-1395,-1389,-1384,-1303,-1305,-1267,-1151,-406,-404,-404,-508,-491,-1737,-1724,-29996,-29997,-29997,-29998]} 1. e4 c5 2. Nc3 Nc6 3. f4 e6 4. Nf3 d5 5. Bb5 dxe4 6. Nxe4 Bd7 7. O-O Nf6 {B21: Sicilian: 2 f4 and Morra Gambit} 8. d3 a6 9. Bxc6 (9. Nxf6+ gxf6 10. Ba4 Nd4 11. Bxd7+ Qxd7 12. Be3 Nf5 13. Qe2 O-O-O 14. Bf2 Qc7 15. Nd2 Qxf4 {½-½ (35) Polgar,J (2722)-Kramnik,V (2777) Cap d'Agde 2003}) 9... Bxc6 {The position is equal.} 10. Qe2 Be7 11. b3 O-O 12. Bb2 Nxe4 13. dxe4 f6 $146 ({Predecessor:} 13... Qc7 14. Be5 Qa5 15. Nd2 {0-1 (46) Fontoura,A (2051)-Maiques,R Ladario 2013}) 14. a4 b5 15. axb5 Bxb5 16. c4 Bc6 17. Qe3 Qb6 18. Ra3 Rfd8 19. f5 e5 20. Nd2 Qb7 21. Re1 (21. Qe2 $15) 21... Rd7 $17 22. Nb1 Rad8 23. Nc3 (23. Qe2 $17 {was necessary.}) 23... Rd2 $19 24. Re2 R2d3 25. Qf2 {[#]} Bxe4 $1 {[%mdl 512]} 26. Rxe4 {Black must now prevent Re2.} (26. Nxe4 Rd1+) 26... Rxc3 $1 {[%mdl 64] Remove Defender} 27. Bxc3 Qxe4 28. h3 Qd3 29. Ba5 (29. Be1 {was forced.}) 29... Qb1+ 30. Kh2 $2 (30. Be1 {only move.}) 30... Rd1 31. Bc7 Qc1 32. Rxa6 Rh1+ 33. Kg3 Qg5+ 34. Kf3 Qxf5+ 35. Ke3 Qb1 {( -> ...f5)} 36. Qd2 Qxb3+ (36... Rd1 $142 37. Ra2 Rxd2 38. Rxd2 Qxb3+ 39. Kf2 Qxc4) 37. Kf2 {White threatens Qd5+ and mate.} Qxc4 38. Ra8+ Kf7 39. Ra7 (39. Qa2 $142 Qxa2+ 40. Rxa2) 39... Rc1 40. Qd7 Qf4+ 41. Ke2 Rc2+ {Accuracy: White = 23%, Black = 67%.} 0-1

[Event "21st Dubai Open 2019"]
[Site "Dubai"]
[Date "2019.04.06"]
[Round "5.35"]
[White "Sidhant, Mohapatra"]
[Black "Thrish Karthik"]
[Result "1-0"]
[WhiteElo "2348"]
[BlackElo "2096"]
[Annotator "TA"]
[PlyCount "113"]
[EventDate "2019.04.01"]
[EventType "swiss"]
[EventCountry "UAE"]
[SourceTitle "playchess.com"]
[Source "ChessBase"]
[SourceQuality "1"]

{[%evp 10,113,13,2,5,0,0,-6,-6,-41,-41,-41,-40,-39,0,-29,-22,-27,-24,-39,-30,-35,-33,-39,10,8,47,25,46,36,121,116,113,121,110,123,224,197,195,199,193,190,187,202,197,197,177,193,181,82,89,92,84,80,86,62,100,60,109,118,106,56,56,48,192,101,171,165,165,166,151,32,32,35,38,32,47,47,60,51,52,57,40,39,48,24,1965,1576,1440,1778,1561,1318,841,399,29964,29965,29963,29963,29960,29959,29960,29945,12844,29949,7835,7509]} 1. c4 Nf6 2. Nc3 e5 3. g3 Nc6 4. Bg2 Bb4 5. d3 O-O 6. Bd2 a5 {A25: English Opening vs King's Indian with ...Nc6 but without early d3} 7. a3 (7. Nf3 d6 8. O-O h6 9. a3 Bc5 10. Rc1 Be6 11. Nh4 Nd4 12. e3 Nf5 13. Nf3 c6 14. Qe2 {1-0 (53) Andreikin,D (2700)-Ivanchuk,V (2769) Astana 2012}) 7... Bxc3 8. Bxc3 d5 {The position is equal.} 9. Nf3 $146 ({Predecessor:} 9. cxd5 Nxd5 10. Bd2 Nd4 11. e3 Nc6 12. Ne2 Bg4 13. f3 Be6 14. e4 {½-½ (63) Peyrou Olya,M-Verdihanov,V (2420) Iran 1994}) 9... d4 10. Bd2 a4 11. O-O Nd7 12. b4 axb3 $1 13. Qxb3 Re8 14. Qc2 Nc5 15. Bb4 Ne6 16. Rfb1 h5 17. Bd2 g6 18. Rb5 Qf6 19. Qb2 h4 (19... Qg7 $14) 20. Nxh4 $16 g5 21. Nf3 g4 22. Nh4 Kg7 (22... Ncd8 $16) 23. f3 Nf4 24. gxf4 Qxh4 25. Be1 Qh6 26. fxe5 gxf3 27. Bxf3 Nxe5 28. Qxd4 Qf6 29. Bc3 (29. Kg2 $1 $18 {has better winning chances.} c6 30. Rc5) 29... Nxf3+ 30. exf3 Qxd4+ 31. Bxd4+ f6 32. Kf2 {aiming for Rg1+.} Rd8 33. Ke3 Ra6 {Threatens to win with ...Re6+.} 34. Rg1+ Kf7 {White must now prevent ...Re6+.} 35. Bb2 Re6+ 36. Kd2 {Strongly threatening Rh5.} Rde8 (36... Red6 $14) 37. Rg2 (37. Rh5 $18) 37... Re3 (37... Rh8 $16) 38. Rh5 Rxf3 39. Rh7+ Kf8 40. a4 (40. Rhg7 $16 Rf2+ 41. Rxf2 Kxg7 42. Rxf6) 40... Rxd3+ $1 $14 {[%mdl 64] Decoy} 41. Kxd3 {Intending Ba3+ and mate.} Bf5+ 42. Kd2 {Threatening mate with Ba3+.} Bxh7 43. Bxf6 {[%mdl 4096] Endgame KRB-KRB} Re6 44. Bd4 Bg8 45. Bc5+ Kf7 46. Kc3 b6 47. Bg1 (47. Bd4 {looks sharper.} c5 48. Bg1 Re5 49. h4 Re4 50. h5) 47... Rg6 $2 {[%mdl 8192]} (47... Re4 $11) 48. Rxg6 $18 Kxg6 {KB-KB} 49. Bf2 Kf5 {[#]} 50. Bg3 $1 {[%cal Rg3c7]} c6 {[#]} 51. Bc7 (51. c5 $142 $1 {[%mdl 512]} bxc5 52. a5) 51... Ke6 $2 (51... b5 $18 52. a5 (52. cxb5 cxb5 53. a5 Bd5 $16) 52... Bxc4) 52. Bxb6 Kd7 53. Kd4 Be6 54. Kc5 Kc8 55. h4 Bf7 56. a5 (56. Kd4 $18 Kb7 57. c5) 56... Kb7 57. Kd4 {Accuracy: White = 48%, Black = 37%.} 1-0

[Event "21st Dubai Open 2019"]
[Site "Dubai"]
[Date "2019.04.06"]
[Round "5.36"]
[White "Mohammed, Dilshad"]
[Black "Quizon, Daniel"]
[Result "0-1"]
[WhiteElo "2006"]
[BlackElo "2340"]
[Annotator "TA"]
[PlyCount "92"]
[EventDate "2019.04.01"]
[EventType "swiss"]
[EventCountry "UAE"]
[SourceTitle "playchess.com"]
[Source "ChessBase"]
[SourceQuality "1"]

{[%evp 19,92,-8,-8,-8,-8,-25,-22,-15,-37,-41,6,-27,-29,-77,-64,-81,-76,-101,-83,-113,-110,-116,-108,-120,-123,-117,-89,-89,-89,-89,-89,-89,-89,-102,-100,-98,-98,-119,-108,-134,-134,-134,-134,-134,-134,-202,-205,-205,-203,-173,-134,-357,-377,-377,-369,-353,-349,-441,-320,-507,-497,-657,-657,-657,-657,-657,-657,-657,-657,-657,-657,-29975,-29974,-29976,-29974]} 1. Nf3 Nf6 2. c4 g6 3. g3 Bg7 4. Bg2 O-O 5. O-O d6 6. d4 c5 7. dxc5 dxc5 8. Qxd8 Rxd8 9. Nc3 Nc6 10. Be3 {E65: King's Indian: Fianchetto: 6...c5 7 0-0 without d5 by White} Be6 {LiveBook: 10 Games} 11. Rfd1 Bxc4 12. Nd2 $146 {The position is equal.} ({Predecessor:} 12. Bxc5 Nd7 13. Ba3 Bxc3 14. bxc3 Bxe2 15. Re1 Bxf3 16. Bxf3 e6 17. Rab1 Nb6 {0-1 (60) Strelnikov,S (2425)-Jobava,B (2704) Alushta 2011}) 12... Bd5 13. Bxc5 Bxg2 14. Kxg2 e6 15. e4 Nd7 16. Bd6 Nde5 17. Bxe5 Nxe5 18. Nf1 Nc4 19. Rxd8+ Rxd8 20. Nd1 Rd4 21. f3 Rd6 22. Rc1 Rc6 {[#] Strongly threatening ...Ne3+!} 23. Rc2 Nxb2 $1 24. Rxc6 bxc6 25. Nxb2 Bxb2 $17 {[%mdl 4096] Endgame KB-KN} 26. Kf2 Bc1 27. Ke2 Kf8 28. Kd1 Bh6 29. f4 {[#]} e5 $1 {[%mdl 512]} 30. fxe5 Ke7 31. h3 Bg7 32. Ne3 (32. Nd2 $17) 32... Bxe5 $19 33. g4 Bc7 34. Ke2 Kd6 35. Nc2 $2 (35. Nc4+ $17 Kc5 36. Kd3) 35... Ke5 36. Nb4 Kxe4 37. Nxc6 Bb6 38. Nb4 Kf4 39. a4 (39. Nd5+ $142 Kg3 40. Nf6) 39... Kg3 40. Nc6 f5 41. gxf5 gxf5 {[%cal Bg6f5,Bf5f4][%mdl 32]} 42. Ne7 f4 {...Kg2 is the strong threat.} 43. Nf5+ Kg2 {White must now prevent ...f3+.} 44. Nh4+ Kxh3 45. Nf3 h5 46. Kf1 Kg3 {Precision: White = 43%, Black = 86%.} 0-1

[Event "21st Dubai Open 2019"]
[Site "Dubai"]
[Date "2019.04.06"]
[Round "5.37"]
[White "Charkhalashvili, Inga"]
[Black "Mrudul Dehankar"]
[Result "1/2-1/2"]
[WhiteElo "2338"]
[BlackElo "2078"]
[Annotator "TA"]
[PlyCount "114"]
[EventDate "2019.04.01"]
[EventType "swiss"]
[EventCountry "UAE"]
[SourceTitle "playchess.com"]
[Source "ChessBase"]
[SourceQuality "1"]

{[%evp 18,114,16,28,44,18,18,4,6,10,6,0,0,0,0,-26,-20,-90,-83,-77,-56,-57,-60,-48,-47,-53,-54,-50,-32,-58,0,0,0,0,0,0,6,0,19,19,20,20,20,19,21,0,3,5,20,19,84,23,20,10,13,10,27,5,26,14,27,18,18,17,19,12,18,12,27,32,34,17,22,13,27,6,45,45,45,45,45,45,45,45,45,22,21,21,21,12,13,0,18,0,5,0,14,0,9]} 1. d4 Nf6 2. c4 e6 3. Nf3 b6 4. g3 Ba6 5. b3 Bb4+ 6. Bd2 Be7 7. Bg2 c6 8. Bc3 d5 9. Nbd2 Nbd7 10. O-O Rc8 {E15: Queen's Indian: 4 g3 sidelines, 4 g3 Ba6 and 4 g3 Bb7 early deviations} (10... O-O 11. Qc2 Bb7 12. Rfd1 c5 13. dxc5 bxc5 14. Ne5 Nxe5 15. Bxe5 Qb6 16. cxd5 exd5 17. Rac1 Rac8 18. e3 Rfd8 19. Qf5 {½-½ (33) Wojtaszek,R (2750)-Karjakin,S (2785) Wijk aan Zee 2017}) 11. Bb2 O-O 12. Rc1 c5 13. dxc5 Bxc5 14. a3 dxc4 15. Nxc4 Qe7 16. Nd4 $146 {[#] Black must now prevent Nc6.} ({Predecessor:} 16. Ncd2 e5 17. b4 e4 18. bxc5 exf3 19. Nxf3 Nxc5 {½-½ (32) Muhl,P (2355)-Czegledi,L (2210) LSS email 2012}) 16... Rfd8 17. Qe1 ({Avoid the trap} 17. Nc6 $2 {[#]} Rxc6 $1 {[%mdl 512]} 18. Bxc6 Nb8 $17) (17. a4 $11) 17... Bxd4 $17 18. Bxd4 Bxc4 19. bxc4 Qxa3 20. Ra1 Qd6 21. Qc3 Qc7 22. Qb2 e5 ({Don't go for} 22... Qxc4 $2 23. Rfc1 $18) 23. Be3 Qxc4 (23... a5 $15) 24. Rxa7 $11 Qe6 25. Qb5 Nc5 26. Rc1 h6 27. h3 Nd5 28. Bxc5 bxc5 29. Rxc5 Nc3 30. Rxc8 Rxc8 31. Qd3 e4 32. Qd2 Qc4 33. e3 Rb8 (33... Nd5 $11 {remains equal.}) 34. Kh2 ({White should play} 34. Qd6 $16 Qb4 35. Qe5) 34... Nd5 35. Rd7 Nf6 36. Rd4 Qc6 37. Qa2 Ra8 38. Qb2 Rc8 39. Qb4 {[%cal Rg2e4]} Qc2 40. Rd2 Qc4 41. Qb7 Re8 42. Qb1 Qc3 43. Rd4 {[%cal Rg2e4]} Qc6 44. Rb4 Qd5 45. Qc2 Qe5 (45... h5 {is interesting.} 46. Kg1 Qe5 47. Qc4 Re7 48. Qb3 g6) 46. Qc6 (46. Bf1 {seems wilder.} Re7 47. Kg2 Rc7 48. Qb1 Rd7 49. Qb2) 46... Qe6 47. Qxe6 Rxe6 $14 {[%mdl 4096] Endgame KRB-KRN} 48. g4 g5 49. Kg3 Kg7 50. Bf1 Re7 51. Rb5 Rc7 {The position is equal.} 52. Re5 Rc1 53. Bg2 Rc4 54. h4 Kg6 55. Re7 Kg7 56. Re5 Kg6 57. Re7 Kg7 {Accuracy: White = 42%, Black = 58%.} 1/2-1/2

[Event "21st Dubai Open 2019"]
[Site "Dubai"]
[Date "2019.04.06"]
[Round "5.38"]
[White "Parthasarathy R"]
[Black "Naboka, Sergey"]
[Result "0-1"]
[WhiteElo "1345"]
[BlackElo "2327"]
[Annotator "TA"]
[PlyCount "69"]
[EventDate "2019.04.01"]
[EventType "swiss"]
[EventCountry "UAE"]
[SourceTitle "playchess.com"]
[Source "ChessBase"]
[SourceQuality "1"]

{[%evp 21,69,-54,-51,-80,-80,-103,-100,-83,-77,-139,-131,-113,-22,-55,-14,-11,14,-27,-26,-40,-6,-33,-25,-85,-92,-451,-447,-777,-777,-765,-761,-896,-887,-1301,-1268,-1348,-1331,-1434,-1375,-5708,-5708,-5273,-5687,-5800,-5800,-5772,-5630,-4910,-4886,-29981]} 1. e4 c5 2. Nf3 Nc6 3. Bb5 g6 4. O-O Bg7 5. Re1 Nf6 6. c3 O-O 7. d4 d5 8. exd5 Qxd5 9. c4 Qd6 10. dxc5 {B31: Sicilian: 2...Nc6 3 Bb5 g6} Qxd1 11. Rxd1 Ne4 {LiveBook: 9 Games} 12. Nbd2 {Black is slightly better.} Rd8 13. Re1 Nxc5 {Hoping for ...Nb4.} 14. Bxc6 bxc6 15. Nb3 {[#]} (15. Ne5 $142) 15... Nd3 $1 $17 {[%cal Rd3e1]} 16. Rxe7 {[#]} Bg4 $146 (16... a5 $1 $17 {[%cal Ra5a4]} 17. Be3 Bg4) ({Predecessor:} 16... Nxc1 17. Rxc1 Bxb2 {1-0 (81) Ricardi,P (2535)-Kotronias,V (2615) Yerevan 1996}) 17. Be3 Bxf3 18. gxf3 a5 19. Bb6 Rdb8 20. Bc7 Rb7 {White must now prevent ...Bf6.} 21. Rd1 Bf8 $1 {[%cal Rf8e7]} 22. Rd7 (22. Nxa5 $11 {keeps the balance.} Rxb2 23. Rd7 Nxf2 24. R1d2 Rxd2 25. Rxd2) 22... Nxb2 {[%mdl 64] Double Attack} 23. R1d4 $2 {[%mdl 8192]} (23. Bf4 $17 {is more resistant.}) 23... Raa7 $19 {Black is clearly winning.} 24. Be5 (24. Rd2 $142 Na4 25. Kg2) 24... Rxd7 25. Rxd7 Rxd7 26. Bxb2 {[%mdl 4096] Endgame KRB-KBN} a4 27. Na5 Rd2 28. Bf6 Rxa2 29. Nxc6 Rc2 30. Ne7+ Bxe7 31. Bxe7 Rxc4 32. Kf1 Rc3 33. Ke2 a3 34. Bf6 Rc6 35. Be5 {Accuracy: White =  3%, Black = 60%.} 0-1

[Event "21st Dubai Open 2019"]
[Site "Dubai"]
[Date "2019.04.06"]
[Round "6.1"]
[White "Matlakov, Maxim"]
[Black "Deepan Chakkravarthy J."]
[Result "1-0"]
[WhiteElo "2692"]
[BlackElo "2534"]
[Annotator "TA"]
[PlyCount "75"]
[EventDate "2019.04.01"]
[EventType "swiss"]
[EventCountry "UAE"]
[SourceTitle "playchess.com"]
[Source "ChessBase"]
[SourceQuality "1"]

{[%evp 14,75,35,39,35,21,10,18,27,25,34,0,0,8,6,8,5,0,62,51,61,36,103,98,94,98,83,71,135,79,234,207,218,215,205,202,206,70,454,447,456,450,1078,1021,950,745,716,543,547,551,519,525,636,583,871,513,504,507,5585,5297,5609,5585,29987,29988]} 1. c4 c6 2. Nf3 Nf6 3. g3 d5 4. Bg2 g6 5. b3 Bg7 6. Bb2 O-O 7. O-O Bg4 8. d4 Nbd7 {D78: Fianchetto Grünfeld: 6 0-0 c6} 9. Nc3 Bxf3 10. Bxf3 {[%cal Rc4d5]} e5 {The position is equal.} 11. cxd5 exd4 12. Na4 $146 ({Predecessor:} 12. dxc6 dxc3 13. cxb7 Rb8 14. Bxc3 Qe7 15. Qc1 Nb6 16. Qb2 {½-½ (56) Durarbayli,V (2543)-Nyback,T (2636) Plovdiv 2012}) 12... c5 13. b4 b6 14. Rc1 {[%cal Rb4c5]} Rc8 15. Ba3 $36 {[%cal Rb4c5][%mdl 2048] White is more active.} Ne5 (15... cxb4 $11 16. Rxc8 (16. Bxb4 Rxc1 17. Qxc1 Re8 $11) 16... Qxc8 17. Bxb4 Re8) 16. bxc5 $14 Nxf3+ 17. exf3 b5 (17... Qxd5 $14 18. cxb6 Rxc1 19. Qxc1 Re8) 18. d6 $1 $16 Qd7 19. Nb2 ({Much weaker is} 19. Qxd4 bxa4 20. Rfd1 Rfd8 $11) 19... Nd5 20. Nd3 a5 ({Black should try} 20... Nc3 21. Qc2 a5) 21. Re1 ({Better is} 21. Bb2) 21... b4 $2 (21... Nc3 $16 22. Qc2 Qc6) 22. Bb2 {Black must now prevent Ne5.} Nc3 23. Bxc3 $1 dxc3 {[#]} 24. Qb3 $1 Qf5 25. Qc4 (25. Rcd1 $18) 25... Qxf3 $2 {[%mdl 8192]} (25... Rfd8 $1 $14) 26. d7 $18 Rc7 {[#]} 27. Re7 $1 Bh6 (27... Qf5 $142 28. c6 Qf6) 28. Ne5 Qf6 {[#]} 29. Rxf7 $1 {[%mdl 512]} Rxf7 30. Nxf7 Rxd7 31. Nxh6+ Kg7 32. Ng4 Rd4 33. Qb5 ({Less strong is} 33. Nxf6 Rxc4 34. Ne8+ Kh6 $16) 33... Qf3 {...Rd1+ is the strong threat.} 34. Ne3 Rd2 35. Rf1 {And now c6 would win.} Rxa2 (35... c2 $142 36. Qc4 (36. Nxc2 Rxc2 37. Qxa5 Rc4 $18) 36... Qf7 37. Qxf7+ Kxf7) 36. c6 {[%cal Bc5c6,Bc6c7][%mdl 32]} c2 37. Qc4 b3 38. c7 {Accuracy: White = 70%, Black = 32%.} 1-0

[Event "21st Dubai Open 2019"]
[Site "Dubai"]
[Date "2019.04.06"]
[Round "6.2"]
[White "Raghunandan, Kaumandur Srihari"]
[Black "Kuzubov, Yuriy"]
[Result "0-1"]
[WhiteElo "2370"]
[BlackElo "2653"]
[Annotator "TA"]
[PlyCount "142"]
[EventDate "2019.04.01"]
[EventType "swiss"]
[EventCountry "UAE"]
[SourceTitle "playchess.com"]
[Source "ChessBase"]
[SourceQuality "1"]

{[%evp 9,142,29,27,22,36,32,32,29,34,29,33,25,31,33,36,30,36,36,47,40,56,38,44,34,58,29,21,21,20,21,30,16,34,20,31,5,6,22,15,0,0,0,0,0,0,-16,-15,-17,0,-12,-10,-4,0,0,0,0,0,0,0,0,0,-10,0,-8,-23,-10,-10,-37,-29,-86,-90,-88,-38,-131,-83,-137,-85,-127,-78,-104,-11,-108,-108,-108,-108,-108,-125,-120,0,0,-2,-132,-132,-132,-132,-132,-125,-132,-132,-125,-132,-125,-125,-125,-125,-117,-117,-121,-42,-29962,-29958,-6203,-2358,-29957,-11022,-1889,-1675,-1621,-1579,-1570,-1563,-1548,-1536,-1467,-1413,-1308,-1287,-29969,-29970,-29970,-29970,-29975,-29976,-29961,-29947]} 1. e4 c5 2. Nf3 Nc6 3. Bb5 Nf6 4. Nc3 Qc7 5. O-O Nd4 6. Re1 {B30: Sicilian: 2...Nc6 3 Bb5, lines without ...g6} (6. Ba4 {seems wilder.} a6 7. d3 b5 8. Bb3 Nxb3 9. axb3 Bb7 10. e5) 6... e5 (6... a6 7. Bf1 Ng4 8. e5 Nxf3+ 9. Qxf3 Nxe5 10. Qh5 Ng6 11. Nd5 Qd6 12. d4 cxd4 13. Bd2 e6 14. Ba5 b6 15. Bxb6 {1-0 (28) Harikrishna,P (2730)-Duda,J (2731) Prague 2019}) 7. Bc4 Be7 8. d3 {White is slightly better.} O-O 9. Nd2 d6 10. Nf1 Bg4 11. f3 Be6 12. Ne3 $146 ({Predecessor:} 12. Bg5 h6 13. Bxf6 Bxf6 {0-1 (49) Sumets,A (2583)-Hausrath,D (2503) Berlin 2015}) 12... Qd7 13. a4 {[%cal Ba2a4,Ba4a5][%mdl 32]} Kh8 14. Ncd5 Bd8 15. a5 Rb8 16. c3 (16. Bd2 {feels hotter.} Nh5 17. b4 cxb4 18. Nxb4 Nf4 19. Ned5) 16... Nc6 17. Nxf6 Bxf6 18. Qa4 Bg5 19. Nd5 Bxc1 20. Raxc1 Qc8 21. a6 b6 22. Bb5 Bxd5 $1 23. exd5 Ne7 {[%cal Bc6e7,Be7g6,Bg6f4,Bf4h3][%mdl 32]} 24. d4 f6 25. Rcd1 Qc7 26. dxe5 fxe5 27. Re4 Ng6 28. Rf1 Nf4 29. Qd1 Rf6 30. g3 Nh3+ 31. Kg2 Ng5 32. Rg4 Nf7 33. Re4 Rf8 34. f4 Qc8 35. Bd3 (35. Qa4 {keeps more tension.} exf4 36. Rexf4 Rxf4 37. Qxf4 Kg8 38. h3) 35... exf4 36. Rexf4 Rxf4 37. Rxf4 Ne5 38. Rxf8+ Qxf8 39. Qf1 (39. Be2 $11 {keeps the balance.}) 39... Qxf1+ $1 $17 40. Bxf1 {[%mdl 4096] Endgame KB-KN} g6 41. Be2 (41. h4 $1 $15) 41... Kg7 42. Kf2 (42. c4 $142) 42... Kf6 ({Black should try} 42... c4 $1 43. Ke3 b5) 43. Ke3 Kf5 44. h3 Nf7 (44... c4 $1 $17) 45. Bb5 (45. Bd3+ $11 Ke5 46. c4) 45... Ke5 $1 46. c4 Ng5 $1 47. h4 Ne4 48. g4 h6 (48... Nf6 $1 $17 49. g5 Nh5) 49. Bd7 $11 g5 50. h5 (50. hxg5 $1 $11 {was the only way to keep the balance.} hxg5 51. Be6) 50... Nf6 $17 51. Be6 Ne8 $1 52. Bd7 Nc7 $1 53. Bc8 b5 54. b3 bxc4 $1 55. bxc4 Ne8 $1 56. Bd7 Nf6 57. Be6 Ne4 58. Bd7 {[#]} Nc3 $1 59. Bc8 $2 {[%mdl 8192]} (59. Kd3 $15 Na2 60. Ke3) 59... Nd1+ 60. Kd2 {[#]} Nb2 $1 61. Kc3 Na4+ 62. Kd3 Nb6 63. Bf5 Kf4 64. Kc3 Na8 65. Kb3 Nc7 66. Bc8 Ke4 67. Kc3 Ke3 68. Bb7 Ne8 {Black mates.} 69. Bc8 Nf6 70. Bf5 Kf4 71. Kb3 Nxg4 {Accuracy: White = 46%, Black = 77%.} 0-1

[Event "21st Dubai Open 2019"]
[Site "Dubai"]
[Date "2019.04.06"]
[Round "6.3"]
[White "Indjic, Aleksandar"]
[Black "Yeoh, Li Tian"]
[Result "1-0"]
[WhiteElo "2592"]
[BlackElo "2522"]
[Annotator "TA"]
[PlyCount "71"]
[EventDate "2019.04.01"]
[EventType "swiss"]
[EventCountry "UAE"]
[SourceTitle "playchess.com"]
[Source "ChessBase"]
[SourceQuality "1"]

{[%evp 17,71,38,43,25,32,27,47,52,50,48,41,41,36,25,27,21,113,118,122,113,122,124,118,118,124,118,158,151,136,132,154,168,197,149,178,147,173,156,379,368,595,559,773,759,686,676,941,935,934,933,927,908,900,874,747,737]} 1. Nf3 d5 2. e3 Nf6 3. c4 c6 4. Nc3 g6 5. d4 Bg7 6. h3 O-O 7. Bd3 a6 8. O-O Bf5 {D94: Grünfeld: 4 Nf3 Bg7 5 e3} (8... b5 9. b3 Nbd7 10. Bb2 bxc4 11. bxc4 dxc4 12. Bxc4 c5 13. Rb1 cxd4 14. Nxd4 Ne5 15. Be2 Bb7 16. Na4 {1-0 (55) Fedoseev,V (2724)-Artemiev,V (2697) Moscow 2018}) 9. Bxf5 gxf5 {LiveBook: 5 Games} 10. b3 Ne4 $146 {White has an edge.} ({Predecessor:} 10... Nbd7 11. Qc2 e6 12. Ba3 Re8 13. Bd6 Ne4 14. Bf4 Qa5 15. Rac1 Rac8 16. Ne2 {1-0 (49) Sumets,A (2584)-Harff,M (2369) Belgium 2017}) 11. Bb2 Nd7 12. cxd5 Nxc3 13. Bxc3 {Hoping for dxc6.} cxd5 14. Qd3 e6 $1 15. Rfc1 Qb6 16. Ne5 $36 {[%mdl 2048] White has the initiative.} Qd6 {[#]} (16... Nxe5 $11 {remains equal.} 17. dxe5 Rfc8) 17. Qd2 $1 $16 {And now Bb4 would win.} Nxe5 18. Bb4 Qd8 {...Nc6 is the strong threat.} 19. Bxf8 Qxf8 20. dxe5 Bxe5 21. Rab1 Qg7 22. Rc2 Qf8 23. Rbc1 Bd6 24. Qd4 Rb8 25. g3 h6 26. Rb1 Bb4 27. a3 Bxa3 $2 {[#]} (27... Bd6 $16 28. b4 Qg7) 28. b4 $18 Rc8 $2 (28... a5 {was worth a try.} 29. bxa5 Bd6) 29. Rc3 {White is clearly winning.} Rc4 30. Rxc4 dxc4 31. Qc3 Bxb4 32. Qxb4 Qxb4 33. Rxb4 {KR-KP} b5 34. Kf1 Kf8 35. Ke2 Ke7 36. Rb1 {Precision: White = 69%, Black = 36%.} 1-0

[Event "21st Dubai Open 2019"]
[Site "Dubai"]
[Date "2019.04.06"]
[Round "6.4"]
[White "Le, Quang Liem"]
[Black "Debashis, Das"]
[Result "1/2-1/2"]
[WhiteElo "2711"]
[BlackElo "2538"]
[Annotator "TA"]
[PlyCount "62"]
[EventDate "2019.04.01"]
[EventType "swiss"]
[EventCountry "UAE"]
[SourceTitle "playchess.com"]
[Source "ChessBase"]
[SourceQuality "1"]

{[%evp 18,62,16,20,21,0,6,12,10,11,20,24,23,15,24,22,18,-3,-10,-56,-19,-52,-57,-61,-48,-45,-36,-40,-33,-43,-11,-36,-36,-54,-7,-15,-12,-9,-9,-13,0,-15,5,5,4,8,18]} 1. Nf3 Nf6 2. g3 d5 3. Bg2 e6 4. O-O Be7 5. c4 O-O 6. d4 dxc4 7. Qc2 a6 8. a4 Bd7 9. Qxc4 Bc6 10. Bf4 Bd6 {E05: Open Catalan: 5 Nf3 Be7} 11. Qc1 a5 12. Nc3 Na6 13. Bd2 Nb4 14. Qb1 Bxf3 15. Bxf3 c6 16. Rd1 Qe7 {[#]} 17. e4 $146 {[#] aiming for e5.} ({Predecessor:} 17. Ne4 Nxe4 18. Qxe4 {1-0 (44) Ding,L (2760)-Aronian,L (2785) Sharjah 2017}) 17... e5 18. Ne2 Rad8 19. Ra3 Rfe8 20. Re3 Rd7 21. Kg2 Red8 22. Bxb4 Bxb4 23. Red3 g6 24. Qc2 (24. dxe5 {is more complex.} Qxe5 25. Nf4 Rd6 26. Qc1 Re8 27. Rxd6 Bxd6 28. Nd3) 24... exd4 25. Rxd4 Bc5 26. Rxd7 {The position is equal.} Rxd7 27. Rxd7 Nxd7 28. Nc1 Bb6 29. Nd3 Nc5 30. Nxc5 Qxc5 31. Qxc5 Bxc5 {Accuracy: White = 58%, Black = 57%.} 1/2-1/2